Movies Quiz

Random Movies or Quote Quiz

Closing Lines II Quiz Stats

 Plays Quiz Updated Dec 27, 2018

Support Sporcle.
Go Orange.
Score 0/15 Timer 06:00
0 Plays Today
Closing Line Film % Correct
'I hope I can make it across the border. I hope to see my friend, and shake his hand. I hope the Pacific is as blue as it has been in my dreams. I hope.'The Shawshank Redemption
54.4%
'I'll go home. And I'll think of some way to get him back. After all... Tomorrow is another day.'Gone With The Wind
48.5%
“I never had any friends later on like the ones I had when I was 12. Jesus, does anyone?'Stand By Me
44.8%
'They called me Mr Glass.'Unbreakable
34%
'You've met me at a very strange time in my life'Fight Club
30.4%
'Well, nobody's perfect.'Some Like It Hot
21.1%
'Tom is talented... ... ...Tom is crushing me. Tom is crushing me... Tom, you're crushing me!'The Talented Mr Ripley
18.9%
'You have no idea what I'm talking about, I'm sure. But don't worry: you will someday.'American Beauty
17.6%
Closing Line Film % Correct
'Vanity - definitely my favourite sin.'Devil's Advocate
14.8%
'Hang on, lads; I've got a great idea.'The Italian Job
14.8%
'Oh, no. To live, to live would be an awfully big adventure.'Hook
14.1%
'It's the stuff dreams are made of'The Maltese Falcon
12%
'We all need mirrors to remind ourselves who we are. I'm no different. Now, where was I?'Memento
10.5%
'And crawling on the planet's face, some insects called the human race. Lost in time, and lost in space...and meaning.'The Rocky Horror Picture Show
7.8%
'I am haunted by waters'A River Runs Through It
4%

From the Vault

US Cabinet Departments (All-Time)

by sproutcm

History 5m
The Cabinet of Dr. Caligari is not a valid answer here, no matter how many times you type it.
Remove Ads.
Support Sporcle.
Get the best of Sporcle when you Go Orange. This ad-free experience offers more features, more stats, and more fun while also helping to support Sporcle. Thank you for becoming a member.

Show Comments

Extras

Top Quizzes Today


Score Distribution

Your Account Isn't Verified!

In order to create a playlist on Sporcle, you need to verify the email address you used during registration. Go to your Sporcle Settings to finish the process.

Report this User

Report this user for behavior that violates our Community Guidelines.

Details: